Essentials of Adult Medical Surgical Nursing Volume-I (Record no. 367843)
[ view plain ]
| 000 -LEADER | |
|---|---|
| fixed length control field | 00885 a2200205 4500 |
| 003 - CONTROL NUMBER IDENTIFIER | |
| control field | OSt |
| 005 - DATE AND TIME OF LATEST TRANSACTION | |
| control field | 20260220120416.0 |
| 008 - FIXED-LENGTH DATA ELEMENTS--GENERAL INFORMATION | |
| fixed length control field | 251003b |||||||| |||| 00| 0 eng d |
| 020 ## - INTERNATIONAL STANDARD BOOK NUMBER | |
| International Standard Book Number | 9789356969360 |
| 028 ## - PUBLISHER NUMBER | |
| Publisher number | Jaypee Brothers Medical Publishers |
| 082 ## - DEWEY DECIMAL CLASSIFICATION NUMBER | |
| Edition number | 23 |
| Classification number | 610.7367 |
| 100 ## - MAIN ENTRY--PERSONAL NAME | |
| Personal name | Sethi, Deepak |
| 9 (RLIN) | 213173 |
| 245 ## - TITLE STATEMENT | |
| Title | Essentials of Adult Medical Surgical Nursing Volume-I |
| 250 ## - EDITION STATEMENT | |
| Edition statement | 1st Ed. |
| 260 ## - PUBLICATION, DISTRIBUTION, ETC. (IMPRINT) | |
| Name of publisher, distributor, etc. | Jaypee Brothers Medical Publishers |
| Place of publication, distribution, etc. | New Delhi |
| Date of publication, distribution, etc. | 2025 |
| 300 ## - PHYSICAL DESCRIPTION | |
| Extent | XVII;421P. |
| 500 ## - GENERAL NOTE | |
| Keywords | Intraoperative care, Nursing management of patient with common signs and symptoms, Respiratory disorders, Gastrointestinal system, cardiovascular problems, cardiovascular emergencies, vascular diseases, blood disorder,endocrine system, integumentary disorders, musculoskeletal disorders, communicable disease |
| 651 ## - SUBJECT ADDED ENTRY--GEOGRAPHIC NAME | |
| Geographic name | Medical Surgical Nursing |
| 942 ## - ADDED ENTRY ELEMENTS (KOHA) | |
| Koha item type | Books |
| Source of classification or shelving scheme | Dewey Decimal Classification |
| Withdrawn status | Lost status | Source of classification or shelving scheme | Damaged status | Not for loan | Home library | Current library | Date acquired | Vendor | Cost, normal purchase price | Total Checkouts | Total Renewals | Full call number | Barcode | Date last seen | Date last checked out | Cost, replacement price | Bill Date | Koha item type | Checked out |
|---|---|---|---|---|---|---|---|---|---|---|---|---|---|---|---|---|---|---|---|
| Dewey Decimal Classification | Sitabai Nargundkar College of Nursing Nagpur | Sitabai Nargundkar College of Nursing Nagpur | 25/09/2025 | 108 | 536.25 | 5 | 1 | 610.7367/SET | SNCN-BK-3661 | 13/05/2026 | 24/02/2026 | 825.00 | 25/09/2025 | Books | |||||
| Dewey Decimal Classification | Sitabai Nargundkar College of Nursing Nagpur | Sitabai Nargundkar College of Nursing Nagpur | 25/09/2025 | 108 | 536.25 | 7 | 1 | 610.7367/SET | SNCN-BK-3659 | 25/03/2026 | 25/03/2026 | 825.00 | 25/09/2025 | Books | 24/04/2026 | ||||
| Dewey Decimal Classification | Sitabai Nargundkar College of Nursing Nagpur | Sitabai Nargundkar College of Nursing Nagpur | 25/09/2025 | 108 | 536.25 | 2 | 610.7367/SET | SNCN-BK-3662 | 13/05/2026 | 30/09/2025 | 825.00 | 25/09/2025 | Books | ||||||
| Dewey Decimal Classification | Sitabai Nargundkar College of Nursing Nagpur | Sitabai Nargundkar College of Nursing Nagpur | 25/09/2025 | 108 | 536.25 | 610.7367/SET | SNCN-BK-3658 | 25/09/2025 | 825.00 | 25/09/2025 | Reference book | ||||||||
| Dewey Decimal Classification | Sitabai Nargundkar College of Nursing Nagpur | Sitabai Nargundkar College of Nursing Nagpur | 25/09/2025 | 108 | 536.25 | 5 | 610.7367/SET | SNCN-BK-3660 | 16/01/2026 | 17/12/2025 | 825.00 | 25/09/2025 | Books |